Corporate governance in Pakistan (Record no. 64732)
[ view plain ]
| 000 -LEADER | |
|---|---|
| fixed length control field | 00274nam a22001217a 4500 |
| 082 ## - DEWEY DECIMAL CLASSIFICATION NUMBER | |
| Classification number | SYE |
| 100 ## - MAIN ENTRY--AUTHOR NAME | |
| Personal name | Syed Kashif |
| 245 ## - TITLE STATEMENT | |
| Title | Corporate governance in Pakistan |
| 260 ## - PUBLICATION, DISTRIBUTION, ETC. (IMPRINT) | |
| Place of publication | Islamabad |
| Name of publisher | HEC |
| Year of publication | 2018 |
| 300 ## - PHYSICAL DESCRIPTION | |
| Number of Pages | 129 |
| 500 ## - GENERAL NOTE | |
| General note | Donated by Dr Assadullah Qazi |
| 942 ## - ADDED ENTRY ELEMENTS (KOHA) | |
| Koha item type | Books |
| Withdrawn status | Lost status | Home library | Current library | Date acquired | Full call number | Accession Number | Koha item type |
|---|---|---|---|---|---|---|---|
| Central Library, QUEST, Nawabshah | Central Library, QUEST, Nawabshah | 25/06/2019 | SYE | D1948 | Books | ||
| Central Library, QUEST, Nawabshah | Central Library, QUEST, Nawabshah | 25/06/2019 | SYE | D1949 | Books | ||
| Central Library, QUEST, Nawabshah | Central Library, QUEST, Nawabshah | 25/06/2019 | SYE | D1950 | Books | ||
| Central Library, QUEST, Nawabshah | Central Library, QUEST, Nawabshah | 25/06/2019 | SYE | D1951 | Books | ||
| Central Library, QUEST, Nawabshah | Central Library, QUEST, Nawabshah | 25/06/2019 | SYE | D1952 | Books |